| 000 | 004110000a22001090004500 | ||
|---|---|---|---|
| 090 |
_aAS _bSeriadas |
||
| 245 | 1 | 0 | _aAcerca de la validez de dos nombres de Asteraceas colombianas y de su correcta tipificación |
| 041 | 0 | _aEspañol | |
| 100 | 1 |
_aDíaz Piedrahita, Santiago _995842 |
|
| 942 | _cARTICULO | ||
| 773 | 1 |
_tRevista de la Academia Colombiana de Ciencias Exactas, Fisicas y Naturales _332 _h67 _q645-648 _d1990 _g17 |
|
| 999 |
_c14086 _d14086 |
||